000
00306nam a2200121Ia 4500
008
191201s2006 xx 000 0 und d
100
_a
GUPTA, C.B.
245
0
_a
Entrepreneurship and Small Business Management
260
_a
N. Delhi
_b
Sultan chand
_c
2006
300
_a
Mise.
650
_a
MBA
942
_2
ddc
_c
BK
999
_c
379
_d
379